000 01012njm a22003017a 4500
005 20100918135647.0
007 sd ammalaaahaa
008 100913t xxu||||| |||| 00| 0 hin d
028 _aPEASD. 2065
_bHis Master's Voice
035 _aGR-03394
040 _aSED/VEN
100 _919606
_aZoheb Hassan
245 _aStar part. 1 & 2 /
_h[sound recording] :
_cby Zoheb Hassan ; music Biddu
246 _aस्टार (जोहेब हस्सन)
260 _aDum Dum, India
_bHis Master's Voice
_c1982
300 _a1 sound disc [Gramophone record] :
_banalog, 33 1/3 rpm
_c12 in. (LP)
_fGramophone record
500 _aBrief record.
500 _aHis Master's Voice
500 _aRed
505 _aoo-ei-oo-ei, Boom-boom
650 _aClassical Music
_xExcerpts
_zIndia
_919607
_vFilmi Song
700 _91184
_aBiddu
700 _920675
700 _919643
700 _919690
942 _2ddc
_cGR
999 _c46768
_d46768